00396nam a2200133Ia 4500008004100000020001500041041001200056100001600068245010000084260003400184300000900218650001800227700001700245221030s9999 xx 000 0 und d a8174092243 aEnglish aT. R. Banga 0aIndustrial Engineering Management Including Production Managementcby T. R. Banga, S. C. Sharma bKhanna Pub.aNew Delhic2014 a1152 aBE Management aS. C. Sharma